000 01348cam a22002894a 4500
999 _c332202
_d332202
001 12892508
003 NUST
005 20171117143940.0
008 020813s2003 enka b 001 0 eng
010 _a 2002027448
020 _a0470843721 (cloth : alk. paper)
020 _a047084373X (pbk. : alk. paper)
040 _aDLC
_cDLC
_dDLC
042 _apcc
050 0 0 _aTD192.5
_b.E97 2003
082 0 0 _a628.5 EVA
_221
100 1 _aEvans, Gareth
_q(Gareth M.)
_96418
245 1 0 _aEnvironmental biotechnology :
_btheory and application /
_cGareth M. Evans, Judith C. Furlong.
260 _aChichester, West Sussex, England ;
_aHoboken, NJ, USA :
_bJ. Wiley,
_cc2003.
300 _axii, 285 p. :
_bill. ;
_c25 cm.
500 _aP.B
504 _aIncludes bibliographical references (p. [279]-280) and index.
650 0 _aBioremediation.
_96514
700 1 _aFurlong, Judith C.
_96515
856 4 2 _3Publisher description
_uhttp://www.loc.gov/catdir/description/wiley036/2002027448.html
856 4 1 _3Table of contents
_uhttp://www.loc.gov/catdir/toc/wiley031/2002027448.html
906 _a7
_bcbc
_corignew
_d1
_eocip
_f20
_gy-gencatlg
942 _2ddc
_cBK
_kIESE